00362pab a2200145 454500008004000000100002000040245004300060260000900103300001400112362000800126650001200134700001700146700002400163773002900187180718b2009 xxu||||| |||| 00| 0 eng d aSmith, Susan J. aRethinking the risks of home ownership c2009 ap.83-102. aJan aHousing aCook, Nicole aSearle, Beverley A. aJournal of Social Policy